Actuaciones interdisciplinares del profesorado universitario : (Record no. 179357)
[ view plain ]
| 000 -CABECERA | |
|---|---|
| campo de control de longitud fija | 02391cab a2200313 ab4500 |
| 005 - FECHA Y HORA DE LA ÚLTIMA TRANSACCIÓN | |
| campo de control | 20260108064015.0 |
| 008 - ELEMENTOS DE LONGITUD FIJA--INFORMACIÓN GENERAL | |
| campo de control de longitud fija | 991125c2014 sp qr p o 000 0 spa d |
| 035 ## - NÚMERO DE CONTROL DEL SISTEMA | |
| Número de control de sistema | UPN01000207256 |
| 040 ## - FUENTE DE LA CATALOGACIÓN | |
| Centro catalogador/agencia de origen | MX-MxUPN |
| Lengua de catalogación | spa |
| Centro/agencia transcriptor | MX-MxUPN |
| Normas de descripción | aacr2 |
| 049 ## - COLECCIÓN | |
| Colección | ART-E |
| 100 1# - ASIENTO PRINCIPAL--NOMBRE PERSONAL | |
| Nombre de persona | Karrera, Iñaki |
| 100 1# - ASIENTO PRINCIPAL--NOMBRE PERSONAL | |
| Filiación | inaki.karrera@ehu.es |
| 100 1# - ASIENTO PRINCIPAL--NOMBRE PERSONAL | |
| Nombre de persona | Zulaika, Teresa |
| 100 1# - ASIENTO PRINCIPAL--NOMBRE PERSONAL | |
| Filiación | teresa.zulaika@ehu.es |
| 100 1# - ASIENTO PRINCIPAL--NOMBRE PERSONAL | |
| Nombre de persona | Aldaz, Juan |
| 100 1# - ASIENTO PRINCIPAL--NOMBRE PERSONAL | |
| Filiación | juan.aldaz@ehu.es |
| 245 10 - MENCIÓN DE TÍTULO | |
| Título | Actuaciones interdisciplinares del profesorado universitario : |
| Resto del título | desarrollo y evaluación de las competencias genéricas de grado en la formación de estudiantes de educación primaria |
| Medio | [recurso electrónico en línea] |
| 506 0# - NOTA DE RESTRICCIONES AL ACCESO | |
| Limitaciones de acceso | Acceso abierto |
| 520 3# - NOTA DE RESUMEN, ETC. | |
| Sumario, etc. | En este artículo se presenta el diseño y los resultados obtenidos a partir de un Proyecto de Innovación Educativa (PIE 2010-2012/6266) llevado a cabo en la Universidad del País Vasco (UPV/EHU) en el marco de la Titulación de Grado de Educación Primaria en la Escuela Universitaria de Magisterio de Donostia–San Sebastián. En el diseño, implementación y evaluación de este trabajo ha tomado parte el profesorado de cinco departamentos y áreas de conocimiento diferentes que comparten docencia en el primer curso de la titulación de Educación Primaria. Se ha propuesto un trabajo interdisciplinar basado en una metodología cooperativa y dinámica. La evaluación de esta experiencia se ha basado en los resultados de las escalas valorativas que ha realizado el alumnado del Grado de Educación Primaria y en las impresiones finales que recogimos del profesorado que ha tomado parte en esta propuesta. A la luz de esta evaluación este proyecto ha evidenciado la conveniencia y necesidad del trabajo en equipo del profesorado universitario cara a la consecución de las competencias genéricas de grado. Esta experiencia, posteriormente, se ha ampliado a todos los cuatrimestres y cursos académicos de la titulación. |
| 650 #4 - ASIENTO SECUNDARIO DE MATERIA - TERMINO TEMATICO | |
| Término de materia o nombre geográfico como elemento de entrada | Evaluación |
| 9 (RLIN) | 14106 |
| 653 0# - TERMINO DE INDIZACION - NO CONTROLADO | |
| Término no controlado | INTERDISCIPLINARIEDAD |
| 653 0# - TERMINO DE INDIZACION - NO CONTROLADO | |
| Término no controlado | APRENDIZAJE COOPERATIVO |
| 653 0# - TERMINO DE INDIZACION - NO CONTROLADO | |
| Término no controlado | COMPETENCIAS GENERICAS |
| 773 ## - ENLACE AL DOCUMENTO FUENTE/ENTRADA DE REGISTRO ANFITRIÓN | |
| Parte(s) relacionada(s) | Vol. 18, no. 2 (2014), p. 286-303 |
| Título | Profesorado: revista de currículum y formación del profesorado |
| Número Internacional Normalizado para Publicaciones Seriadas | 1989-639X |
| 856 4# - LOCALIZACIÓN Y ACCESO ELECTRÓNICOS | |
| Identificador Uniforme del Recurso | <a href="http://www.ugr.es/~recfpro/rev182COL8.pdf">http://www.ugr.es/~recfpro/rev182COL8.pdf</a> |
| 902 ## - ELEMENTOS DE DATOS B LOCAL, LDB (RLIN) | |
| Creó | Leonor Sotres |
| Modificó | Leonor Sotres/141122/M |
| 905 ## - TIPO DE MATERIAL | |
| Tipo de material | Articulo |
| 942 ## - ELEMENTOS DE PUNTO DE ACCESO ADICIONAL (KOHA) | |
| Tipo de ítem Koha | Artículo Electrónico |
| Estado de retiro | Estado de pérdida | Estado dañado | No para préstamo | Código de colección | Localización permanente | Ubicación/localización actual | Ubicación en estantería | Fecha de adquisición | Total de préstamos | Fecha visto por última vez | Identificador Uniforme del Recurso | Precio válido a partir de | Tipo de ítem Koha |
|---|---|---|---|---|---|---|---|---|---|---|---|---|---|
| Acceso abierto | Bib. Gregorio Torres Quintero | Bib. Gregorio Torres Quintero | En línea | 14/11/2022 | 14/11/2022 | http://www.ugr.es/~recfpro/rev182COL8.pdf | 14/11/2022 | Artículo Electrónico |
